000 00480nam a2200169Ia 4500
008 230917s9999||||xx |||||||||||||| ||und||
020 _cRS700
040 _e237719
_aMAIN
041 _aEnglish
082 _a332.71095413 D26I
100 _aDas, Kshiti Bhushan
245 0 _aInclusive growth through financial inclusion
260 _aNew Delhi
_bMittal Publications
_c2013
300 _axiii, 206 p.
500 _a2599 03/02/2017 MPUB17/32 14/02/2017 Main Budget
942 _cBK
999 _c21241
_d21241